Statistiche per Mappa delle Province d'Italia - 2020

Clicka qui per fare il quiz!

Statistiche generali

  • Questo quiz è stato fatto 246 volte
  • Il punteggio medio è 85 su 107

Statistiche sulle risposte

SiglaProvince% Corretto
AGAgrigento
94%
ANAncona
94%
AOAosta
94%
BABari
94%
BOBologna
91%
LELecce
91%
RMRoma
91%
AVAvellino
89%
BGBergamo
88%
FIFirenze
88%
AQL'Aquila
88%
MIMilano
88%
NANapoli
88%
BZBolzano
87%
CACagliari
87%
UDUdine
87%
CZCatanzaro
86%
KRCrotone
86%
LULucca
86%
PGPerugia
86%
SSSassari
86%
FGFoggia
85%
GEGenova
85%
PDPadova
85%
RNRimini
85%
TOTorino
85%
CTCatania
84%
COComo
84%
LCLecco
84%
PAPalermo
84%
REReggio Emilia
84%
ALAlessandria
83%
BSBrescia
83%
CSCosenza
83%
GOGorizia
83%
LILivorno
83%
NUNuoro
82%
PZPotenza
82%
VEVenezia
82%
VRVerona
82%
CHChieti
81%
FEFerrara
81%
MEMessina
81%
RARavenna
81%
TPTrapani
81%
VAVarese
81%
BRBrindisi
80%
IMImperia
80%
PEPescara
80%
PIPisa
80%
RGRagusa
80%
RCReggio Calabria
80%
SASalerno
80%
ENEnna
79%
SPLa Spezia
79%
LTLatina
79%
TATaranto
79%
VIVicenza
79%
VTViterbo
79%
BNBenevento
78%
FRFrosinone
78%
GRGrosseto
78%
MTMatera
78%
NONovara
78%
RORovigo
78%
SVSavona
78%
TNTrento
78%
ARArezzo
77%
BLBelluno
77%
CNCuneo
77%
ISIsernia
77%
MBMonza e Brianza
77%
PRParma
77%
PVPavia
77%
VVVibo Valentia
77%
FCForlì-Cesena
76%
LOLodi
76%
MNMantova
76%
MOModena
76%
RIRieti
76%
APAscoli Piceno
75%
BTBarletta-Andria-
Trani
75%
BIBiella
75%
OROristano
75%
SRSiracusa
75%
TETeramo
75%
TVTreviso
75%
TSTrieste
75%
ATAsti
74%
CBCampobasso
74%
CRCremona
74%
PNPordenone
74%
MSMassa-Carrara
73%
CECaserta
72%
PCPiacenza
72%
TRTerni
71%
CLCaltanissetta
70%
MCMacerata
70%
SISiena
70%
PUPesaro e Urbino
69%
POPrato
69%
SOSondrio
69%
VCVercelli
69%
FMFermo
68%
VBVerbano-Cusio-
Ossola
68%
PTPistoia
67%
SUSud Sardegna
57%

Distribuzione punteggi

Percentile per numero di risposta

Percentuale di utenti per punteggio

I tuoi punteggi nel tempo

Non hai fatto questo quiz